El soneto en Flor de María Araya Rojas

Salvato in:
Dettagli Bibliografici
Autore principale: Araya Rojas, Flor de María
Natura: Libro
Lingua:Undetermined
Pubblicazione: San José, Costa Rica Universidad de Costa Rica, Sistemade Estudios de Posgrado 1997
Soggetti:
Tags: Aggiungi Tag
Nessun Tag, puoi essere il primo ad aggiungerne!!

MARC

LEADER 00000nam a2200000Ia 4500
008 170316s9999 xx 000 0 und d
999 |c 30837  |d 30837 
040 |a cru BVZT 
090 |a TESIS 861 
100 |a Araya Rojas, Flor de María 
245 |a El soneto en Flor de María Araya Rojas 
260 |a San José, Costa Rica  |b Universidad de Costa Rica, Sistemade Estudios de Posgrado  |c 1997 
300 |a 116 páginas 
650 |a MAGISTER LITTERARUM 
650 |a TRABAJO FINAL DE GRADUACIÓN  |9 237 
650 |a LITERATURA  |9 63 
942 |c TFG  |h TESIS 861  |2 z